|
|
|
|
| LEADER |
00000nab a2200000ua 4500 |
| 001 |
vtls010844628 |
| 003 |
SK-MaSNL |
| 005 |
20260303135914.0 |
| 008 |
230218s1977 xo |||||||||||||||||slo| |
| 035 |
|
|
|a (urnnbn)urn:nbn:sk:snk:ar-a07397
|
| 035 |
|
|
|a urn:nbn:sk:snk-ab66fv
|
| 035 |
|
|
|a (uuid)ba6805c5-b818-4aa7-b89a-8082000627e7
|
| 040 |
|
|
|a SNKBUCL
|b slo
|c SNKBUCL
|e AACR2
|
| 041 |
0 |
|
|a slo
|
| 044 |
|
|
|a xo
|c SK
|
| 100 |
1 |
|
|a Rakús, Miloslav,
|d 1934-2005
|4 aut
|9 263377
|
| 245 |
1 |
0 |
|a Nález morského spodného miocénu pri Čremošnom (jz. časť Veľkej Fatry)
|c Miloš Rakús
|
| 773 |
0 |
|
|t Geologické práce : správy
|g Roč. 67, č. 67 (1977), s. 287-[335]
|
| 954 |
|
|
|a odborná, vedecká literatúra pôvodná (slovenská)
|2 lita
|
| 958 |
|
|
|a OND
|
| 958 |
|
|
|a EUIPO
|
| 958 |
|
|
|a article5
|
| 999 |
|
|
|c 1968751
|d 1970681
|